都道府県イラストやクイズ - Statistics

General Stats
  • This quiz has been taken 385 times
  • The average score is 41 of 47
Answer Stats
Picture Answer % Correct
東京都
97%
静岡県
96%
北海道
96%
山口県
94%
青森県
94%
石川県
93%
福島県
92%
岡山県
92%
愛媛県
92%
滋賀県
92%
高知県
92%
鹿児島県
92%
山形県
92%
長野県
91%
山梨県
91%
栃木県
91%
大阪府
91%
香川県
90%
沖縄県
90%
群馬県
89%
千葉県
89%
茨城県
89%
神奈川県
88%
富山県
87%
長崎県
86%
愛知県
86%
秋田県
86%
奈良県
86%
新潟県
86%
三重県
85%
鳥取県
85%
広島県
85%
兵庫県
84%
宮城県
84%
島根県
84%
熊本県
83%
岩手県
83%
福岡県
82%
京都府
82%
大分県
82%
和歌山県
81%
岐阜県
81%
宮崎県
80%
福井県
79%
佐賀県
78%
徳島県
77%
埼玉県
72%
No matching quizzes found
Score Distribution
Percent of People with Each Score
Percentile by Number Answered
Your Score History
You have not taken this quiz